Statistics for Americas Favorite Chocolate Bars

Click here to take the quiz!

General Stats

  • This quiz has been taken 213 times
  • The average score is 4 of 10

Answer Stats

HintAnswer% Correct
1Snickers
86%
3Kit Kat
67%
5Milky Way
62%
4Butterfinger
42%
63 Musketeers
34%
7Baby Ruth
30%
8M&Ms
29%
10Hershey Bar
16%
9oh Henry!
15%
2Reese's Peanut Butter Cups
14%

Score Distribution

Percentile by Number Answered

Percent of People with Each Score

Your Score History

You have not taken this quiz